00567nam a22001457a 4500020001800000082001600018100001400034245007500048260005100123300002100174880003500195942001200230999001900242952016000261 a9787108029690 a181.11bCHE aChen, Lai aNine Theories on East Asian Confucianism (Chinese Edition) /cLai Chen aChina :bSDX Joint Publication Company,c2008. a230 p. ;c19 cm. 6245-02\ra东亚儒学九论 / 2ddccBK c591831d591831 00102ddc406181_110000000000000_CHE709583062aCLbCLcCHISTd2022-10-14eDonated by China Embassyl0o181.11 CHEpCL-D-1904r2022-10-14w2022-10-14yBK